Consolidated financial statements of the Government of Alberta, annual report. (Record no. 19069)

000 -LEADER
fixed length control field 00592cas a2200217 a 4500
022 0# - INTERNATIONAL STANDARD SERIAL NUMBER
ISSN 1913-5831
040 ## - CATALOGING SOURCE
Transcribing agency NLC
082 0# - DEWEY DECIMAL CLASSIFICATION NUMBER
Classification number 317 GOV 2007 C160 Or.
110 1# - MAIN ENTRY--CORPORATE NAME
Corporate name or jurisdiction name as entry element Alberta.
245 10 - TITLE STATEMENT
Title Consolidated financial statements of the Government of Alberta, annual report.
260 ## - PUBLICATION, DISTRIBUTION, ETC. (IMPRINT)
Place of publication [Edmonton] :
Name of publisher Govt. of Alberta,
Year of publication ©2007-
650 #0 - SUBJECT ADDED ENTRY--TOPICAL TERM
Topical Term Finance, Public
650 #6 - SUBJECT ADDED ENTRY--TOPICAL TERM
Topical Term Alberta
650 #6 - SUBJECT ADDED ENTRY--TOPICAL TERM
Topical Term Alberta
650 #6 - SUBJECT ADDED ENTRY--TOPICAL TERM
Topical Term Finances publiques
650 #7 - SUBJECT ADDED ENTRY--TOPICAL TERM
Topical Term Economic history.
650 #7 - SUBJECT ADDED ENTRY--TOPICAL TERM
Topical Term Expenditures, Public.
650 #7 - SUBJECT ADDED ENTRY--TOPICAL TERM
Topical Term Finance, Public.
650 #7 - SUBJECT ADDED ENTRY--TOPICAL TERM
Topical Term Social conditions
942 ## - ADDED ENTRY ELEMENTS (KOHA)
Koha item type ADB
952 ## - LOCATION AND ITEM INFORMATION (KOHA)
Withdrawn status [LOCAL, KOHA] 0
Holdings
Koha item type Source of acquisition Lost status Permanent Location Current Location Date acquired Full call number
សៀវភៅភាសាអង់គ្លេសA38520 Library Block CLibrary Block C2020-03-06317 GOV 2007 C160 Or.
មជ្ឈមណ្ឌលឯការនៃសាកលវិទ្យាល័យភូមិន្ទកសិកម្មចំការដូង

Powered by Koha